01407nam a2200349Ia 4500001001200000003000800012006001900020007001500039008004100054010001700095020001800112020001800130020002200148040002100170035002100191050002500212082002100237100002500258245008800283260004400371300003100415490004300446504006600489533015200555650005600707651006100763655002900824710001700853830004400870856012600914999001701040ebr10058156CaPaEBRm u cr cn|||||||||950906s1996 enkab sb 001 0 eng d z 95040958  z9780415119054 z9780203430460 z0415119057 (pbk.) aCaPaEBRcCaPaEBR a(OCoLC)56813201514aHE148.5b.S55 1996eb04a388/.09172/42201 aSimon, David,d1957-10aTransport and development in the Third Worldh[electronic resource] /cDavid Simon. aLondon ;aNew York :bRoutledge,c1996. axiv, 194 p. :bill., maps.1 aRoutledge introductions to development aIncludes bibliographical references (p. [182]-187) and index. aElectronic reproduction.bPalo Alto, Calif. :cebrary,d2009.nAvailable via World Wide Web.nAccess may be limited to ebrary affiliated libraries. 0aTransportationzDeveloping countriesvCase studies. 0aDeveloping countriesxEconomic conditionsvCase studies. 7aElectronic books.2local2 aebrary, Inc. 0aRoutledge introductions to development.40uhttp://site.ebrary.com/lib/rucke/Doc?id=10058156zAn electronic book accessible through the World Wide Web; click to view c69063d69063